LEADER 05422nam 2200541 450 001 9910420946503321 005 20230919045537.0 010 $a1-78897-807-2 035 $a(CKB)4100000008045633 035 $a(MiAaPQ)EBC5759588 035 $a(UtOrBLW)eep9781788978071 035 $a(oapen)https://directory.doabooks.org/handle/20.500.12854/61051 035 $a(EXLCZ)994100000008045633 100 $a20190510d2019 uy 0 101 0 $aeng 135 $aurcn#|||||||| 181 $ctxt$2rdacontent 182 $cc$2rdamedia 183 $acr$2rdacarrier 200 00$aTowards convergence in Europe $einstitutions, labour and industrial relations /$fedited by Daniel Vaughan-Whitehead 210 $cEdward Elgar Publishing$d2019 210 1$aNorthampton, MA :$cEdward Elgar Pub.,$d2019. 215 $a1 online resource (502 pages) $cdigital, PDF file(s) 300 $aIncludes index. 311 08$aPrint version: 9781788978064 327 $aContents: 1. Convergence in the EU: what role for industrial relations? / Daniel Vaughan-Whitehead and Rosalia Vazquez-Alvarez -- 2. Social convergence of the Baltic states within the enlarged EU: is limited social dialogue an impediment? / Jaan Masso, Vladyslav Soloviov, Kerly Espenberg and Inta Mierina -- 3. Belgium: is strong social concertation a driver of upward social convergence? / Ive Marx -- 4. Is France converging or not?: the role of industrial relations / Pierre Courtioux and Christine Erhel -- 5. Does the German social model support the convergence of living conditions in the EU? / Gerhard Bosch -- 6. Ireland after the Great Recession: convergence or divergence? / Philip J. O'Connell -- 7. Italy: how could industrial relations help a return to economic and social convergence? / Annamaria Simonazzi, Valerio Ciampa and Luca Villamaina -- Case study - Italy and Slovenia: two paths to labour market flexibility and social dialogue / Branko Bembič and Annamaria Simonazzi -- 8. The Netherlands: from convergence to divergence in Europe?: social dialogue and industrial relations in the face of household labour supply / Wiemer Salverda -- 9. Social convergence, development failures and industrial relations: the case of Portugal / Pilar González and António Figueiredo -- 10. Slovenia: social dialogue and social convergence between coordinated and dependent capitalism / Branko Bembič -- 11. Economic and social convergence in Spain: the elusive goal of catching up with the EU / Rafael Muñoz de Bustillo -- 12. Convergence towards better working and living conditions: the crucial role of industrial relations in Sweden / Dominique Anxo -- 13. The United Kingdom's record on economic and social convergence with europe: a pre-Brexit appraisal / Damian Grimshaw -- Index. 330 $aThe main original aim of the European Union was to promote convergence towards higher economic growth and social standards. However, EU countries have sometimes experienced different trajectories, due in part to their different starting points and the fact that their convergence on particular socio-economic indicators has varied. At the same time, little evidence has so far been presented on cross-country convergence within the EU. This book aims to answer a number of important questions. To what extent have European countries converged or diverged with EU-wide economic and social indicators over the past 20 years? What have been the drivers of convergence? Why do some countries lag behind, while others experience continuous upward convergence? Why are these trajectories not always linear? Particular attention is paid to the role of institutions, actors and industrial relations - focusing on the resources and strategies of governments, employers and trade unions - in nudging EU countries onto an upward convergence path. This book provides a unique analysis of socio-economic indicators to identify convergence trends in the EU. It defines a number of clusters that help to gauge the strengths and weaknesses of national socio-economic models and the European Social Model. Cross-country case studies help to identify the possible impact of global movements (migration, foreign investment) and policies (social protection, social dialogue, employment) on cross-country convergence. This book offers a timely assessment of convergence within the EU, identifying its drivers in the world of work and in institutions and industrial relations. It presents examples of where institutions and industrial relations can change convergence outcomes and proposes a range of useful policy options. Scholars and researchers will find it an invaluable reference for studies of European affairs and social policies. 606 $aConvergence (Economics)$zEurope 607 $aEuropean Union countries$xEconomic integration 610 $aEU 610 $asocial rights 610 $ainequalities 610 $aIndustrial relations 610 $aEconomic convergence 610 $asocial convergence 615 0$aConvergence (Economics) 676 $a337.142 700 $aDaniel Vaughan-Whitehead$4auth$01084844 702 $aVaughan-Whitehead$b Daniel 712 02$aEdward Elgar Publishing, 801 0$bMiAaPQ 801 2$bUkMaJRU 801 2$bTH-BaUNE 906 $aBOOK 912 $a9910420946503321 996 $aTowards convergence in Europe$93388727 997 $aUNINA 999 $axxx$cu LEADER 04139nam 2200697 a 450 001 9910791374603321 005 20230725015419.0 010 $a1-282-56927-9 010 $a9786612569272 010 $a1-4008-3527-5 024 7 $a10.1515/9781400835270 035 $a(CKB)2560000000011340 035 $a(EBL)537690 035 $a(OCoLC)642661753 035 $a(SSID)ssj0000423982 035 $a(PQKBManifestationID)11257338 035 $a(PQKBTitleCode)TC0000423982 035 $a(PQKBWorkID)10468680 035 $a(PQKB)11432513 035 $a(MiAaPQ)EBC537690 035 $a(OCoLC)649909867 035 $a(MdBmJHUP)muse36712 035 $a(DE-B1597)446858 035 $a(OCoLC)979968497 035 $a(DE-B1597)9781400835270 035 $a(Au-PeEL)EBL537690 035 $a(CaPaEBR)ebr10392346 035 $a(CaONFJC)MIL256927 035 $a(EXLCZ)992560000000011340 100 $a20091218d2010 uy 0 101 0 $aeng 135 $aur|n|---||||| 181 $ctxt 182 $cc 183 $acr 200 14$aThe new dynamic public finance$b[electronic resource] /$fNarayana R. Kocherlakota 205 $aCourse Book 210 $aPrinceton $cPrinceton University Press$dc2010 215 $a1 online resource (230 p.) 225 1 $aToulouse lectures in economics 300 $aDescription based upon print version of record. 311 $a0-691-13915-6 320 $aIncludes bibliographical references and index. 327 $t Frontmatter -- $tContents -- $tPreface -- $t1. Introduction -- $t2. The Ramsey Approach and Its Problems -- $t3. Basics of Dynamic Social Contracting -- $t4. Dynamic Optimal Taxation: Lessons for Macroeconomists -- $t5. Optimal Intergenerational Taxation -- $t6. Quantitative Analysis: Methods and Results -- $t7. The Way Forward -- $tIndex 330 $aOptimal tax design attempts to resolve a well-known trade-off: namely, that high taxes are bad insofar as they discourage people from working, but good to the degree that, by redistributing wealth, they help insure people against productivity shocks. Until recently, however, economic research on this question either ignored people's uncertainty about their future productivities or imposed strong and unrealistic functional form restrictions on taxes. In response to these problems, the new dynamic public finance was developed to study the design of optimal taxes given only minimal restrictions on the set of possible tax instruments, and on the nature of shocks affecting people in the economy. In this book, Narayana Kocherlakota surveys and discusses this exciting new approach to public finance. An important book for advanced PhD courses in public finance and macroeconomics, The New Dynamic Public Finance provides a formal connection between the problem of dynamic optimal taxation and dynamic principal-agent contracting theory. This connection means that the properties of solutions to principal-agent problems can be used to determine the properties of optimal tax systems. The book shows that such optimal tax systems necessarily involve asset income taxes, which may depend in sophisticated ways on current and past labor incomes. It also addresses the implications of this new approach for qualitative properties of optimal monetary policy, optimal government debt policy, and optimal bequest taxes. In addition, the book describes computational methods for approximate calculation of optimal taxes, and discusses possible paths for future research. 410 0$aToulouse lectures in economics. 606 $aFiscal policy$xMathematical models 606 $aTaxation$xMathematical models 606 $aFinance, Public$xMathematical models 615 0$aFiscal policy$xMathematical models. 615 0$aTaxation$xMathematical models. 615 0$aFinance, Public$xMathematical models. 676 $a336.001/5195 700 $aKocherlakota$b Narayana Rao$f1963-$0634112 801 0$bMiAaPQ 801 1$bMiAaPQ 801 2$bMiAaPQ 906 $aBOOK 912 $a9910791374603321 996 $aThe new dynamic public finance$93802183 997 $aUNINA